000 00726nam a2200205Ia 4500
003 GCL
008 140319s9999 xx 000 0 ara d
040 _aGCL /
_cGCL
082 0 4 _a364.2
_bم ا
100 1 _aمحمد يسرى ابراهيم دعبس
245 1 0 _aالارهاب: الاسباب واستراتيجية المواجهة رؤية فى انثروبولوجيا الجريمة /
_cمحمد يسرى ابراهيم دعبس
260 _a[S.N] :
_bوكالة البنا للنشر والتوزيع ،
_c1994
300 _a125 ص
490 _a
650 0 4 _aمصر
650 0 4 _aالارهاب
650 0 4 _aالجرائم السياسية
650 0 4 _aالاسلام والسياسة
942 _2ddc
_cBK
999 _c29146
_d29146